00803nam a22002297a 4500999001900000005001700019010001500036020002600051035001400077037001300091082001100104100002300115245010600138250001600244260003300260270006500293300003000358500001900388700001800407942002500425952012300450 c145173d14517320181119144327.0 aENG-120627 c245.00a9788172867058 aEN-104159 bDBAD/PUB a793.73 aBragdon, Allen D.  aUse it or lose it ! :bhow to keep your brain fit as it ages /cby Allen D. Bragdpn [and] David Gamon a2nd Edition aBangalorebPrism Booksc2012 bBanglorea1865, 32nd cross, 10th Main, BSK II Stage,e560070 a207p. :b22cm(pbk).cill. aIncludes index a Gamon, David 2ddccENh793.73mBRA 001040718NFICaDBADbBNd2017-09-21eDBAD/PUBg245.00l0o793.73 ALLpEN-104159r2017-09-21 00:00:00t1v245.00yEN